Central Library OPAC University of Rajshahi

The letters of Sara Hutchinson from 1800 to 1835 / (Record no. 21970)

MARC details
000 -LEADER
fixed length control field 00686nam a2200217ra 4500
001 - CONTROL NUMBER
control field 21970
003 - CONTROL NUMBER IDENTIFIER
rucl marc code BD-RjUL
005 - DATE AND TIME OF LATEST TRANSACTION
control field 20211209000742.0
008 - FIXED-LENGTH DATA ELEMENTS--GENERAL INFORMATION
fixed length control field 140306s1954 enk 000 0 eng d
035 ## - SYSTEM CONTROL NUMBER
System control number (BD-RjUL)22035
040 ## - CATALOGING SOURCE
Original cataloging agency NZOC
Language of cataloging eng
Transcribing agency NZOC
Modifying agency NZOC
-- BD-RjUL
041 ## - LANGUAGE CODE
Language code of text/sound track or separate title eng
082 ## - DEWEY DECIMAL CLASSIFICATION NUMBER
Classification number 826.7
Author mark and year HUL 1954
100 1# - MAIN ENTRY--PERSONAL NAME
Personal name Hutchinson, Sara.
9 (RLIN) 67849
245 14 - TITLE STATEMENT
Title The letters of Sara Hutchinson from 1800 to 1835 /
Statement of responsibility, etc. edited by Kathleen Coburn.
260 ## - PUBLICATION, DISTRIBUTION, ETC. (IMPRINT)
Place of publication, distribution, etc. London :
Name of publisher, distributor, etc. Routledge and Kegan Paul,
Date of publication, distribution, etc. 1954
300 ## - PHYSICAL DESCRIPTION
Pagination xxxviii, 459 p. :
Size 22 cm.
600 10 - SUBJECT ADDED ENTRY--PERSONAL NAME
Personal name Wordsworth, William,
Dates associated with a name 1770-1850
General subdivision Friends and associates.
700 1# - ADDED ENTRY--PERSONAL NAME
Personal name Coburn, Kathleen.
942 ## - ADDED ENTRY ELEMENTS (KOHA)
Source of classification or shelving scheme Dewey Decimal Classification
Koha item type Books
Holdings
Lost status Source of classification or shelving scheme Damaged status Not for loan Collection code Permanent Location Current Location Shelving location Date acquired Source of acquisition Cost, normal purchase price Total Checkouts Full call number Date last seen Copy number Koha item type
  Dewey Decimal Classification   Added to bundle Non-fiction Central Library, University of Rajshahi Central Library, University of Rajshahi Reading Room 02/02/1956 A. B. C. 34.20   826.7 HUL 1954 06/03/2014 C-1 Books